Francois Mauriac; (Record no. 80459)
[ view plain ]
| 000 -LEADER | |
|---|---|
| fixed length control field | 00903cam7a220022900 4500 |
| 001 - CONTROL NUMBER | |
| control field | lcf00063886 |
| 008 - FIXED-LENGTH DATA ELEMENTS--GENERAL INFORMATION | |
| fixed length control field | 740507s1973 fr b 000 0dfre |
| 010 ## - LIBRARY OF CONGRESS CONTROL NUMBER | |
| LC control number | 74164159 |
| 015 ## - NATIONAL BIBLIOGRAPHY NUMBER | |
| National bibliography number | F*** |
| 035 ## - SYSTEM CONTROL NUMBER | |
| System control number | (Sirsi) r124166 |
| 035 ## - SYSTEM CONTROL NUMBER | |
| System control number | (DLC) 74164159 |
| 035 ## - SYSTEM CONTROL NUMBER | |
| System control number | (UPRA)lcf00063886 |
| 050 0# - LIBRARY OF CONGRESS CALL NUMBER | |
| Classification number | PQ2625.A93 |
| Item number | Z88 |
| 100 1# - MAIN ENTRY--PERSONAL NAME | |
| Personal name | Suffran, Michel. |
| Linkage | A92288.1 |
| 245 10 - TITLE STATEMENT | |
| Title | Francois Mauriac; |
| Statement of responsibility, etc. | une etude par Michel Suffran. Une biographie, une bibliographie. |
| 260 ## - PUBLICATION, DISTRIBUTION, ETC. | |
| Place of publication, distribution, etc. | [Paris] |
| Name of publisher, distributor, etc. | Seghers |
| Date of publication, distribution, etc. | [1973] |
| 490 0# - SERIES STATEMENT | |
| Series statement | Ecrivains d'hier et d'aujourd'hui, 45 |
| Linkage | S13862.1 |
| 490 0# - SERIES STATEMENT | |
| Series statement | Monographies Seghers |
| Linkage | S13863.1 |
| 600 10 - SUBJECT ADDED ENTRY--PERSONAL NAME | |
| Personal name | Mauriac, Francois, 1885-1970 -- Criticism and interpretation. |
| Dates associated with a name | Mauriac, Francois, 1885-1970 -- Criticism and interpretation. |
| General subdivision | Mauriac, Francois, 1885-1970 -- Criticism and interpretation. |
| Linkage | S65999.1 |
| 949 ## - LOCAL PROCESSING INFORMATION (OCLC) | |
| a | PQ2625.A93 |
| w | lcc |
| i | -178395 |
| m | MAIN |
| t | BOOK |
| l | ON-SHELF |
No items available.